000 00351nam a22001457a 4500
003 OSt
005 20230608112104.0
008 230608b |||||||| |||| 00| 0 eng d
040 _cIIMT UNIVERSITY, MEERUT
100 _aSHARMA, A
245 _aPROFESSIONAL COMMUNICATION
260 _aASIAN PUB.
_bNEW DELHI
_c2016
300 _a620
942 _2ddc
_c09
999 _c56714
_d56714